História do direito portugues: fontes de direito
Bewaard in:
| Hoofdauteur: | |
|---|---|
| Formaat: | Boek |
| Taal: | Portugees |
| Gepubliceerd in: |
Lisboa
Fundacao Calouste Gulbenkian
1985
|
| Onderwerpen: | |
| Tags: |
Voeg label toe
Geen labels, Wees de eerste die dit record labelt!
|
MARC
| LEADER | 00000nam a2200000 a 4500 | ||
|---|---|---|---|
| 001 | UCV2756 | ||
| 003 | CL-VaPUC | ||
| 008 | 921104e19850000PO |||||||||||||||||por|d | ||
| 082 | 0 | 4 | |a 340.0946 |b ESP |2 21 |
| 100 | 0 | |a Espinosa Gomes Da Silva, Nuno J |e author |9 297021 | |
| 245 | 1 | 0 | |a História do direito portugues: fontes de direito |
| 300 | |a v | ||
| 942 | |c BK | ||
| 945 | |d 19921104 00:00:00 | ||
| 260 | |a Lisboa |b Fundacao Calouste Gulbenkian |c 1985 | ||
| 650 | 7 | |a DERECHO |2 CL-VaPUC |9 297022 | |
| 650 | 0 | |a Historia y crítica |9 257407 | |
| 651 | 7 | |a PORTUGAL |2 CL-VaPUC |9 255007 | |
| 583 | |a last modification |c 19921104 00:00:00 |k Rodrigo Vera | ||
| 999 | |c 210244 |d 210242 | ||
| 952 | |0 0 |1 0 |4 0 |6 340_094600000000000_ESP_1985 |7 0 |8 DER_HIS |9 186328 |a BIBDER |b BIBDER |d 2019-11-14 |h v.1 |i 2538075 |o 340.0946 ESP 1985 |p 2538075 |r 2023-01-25 |w 2019-11-14 |x Ubicación 4to Piso |y BK |z Estos recursos deben solicitarse con anticipación |k DER | ||